[Event "DSOL 08 Liga Final 1st"]
[Site "Playchess.com INT"]
[Date "2020.08.25"]
[Round "1.4"]
[White "Pizziol, Matteo"]
[Black "Masurek, David"]
[Result "0-1"]
[WhiteElo "968"]
[BlackElo "1035"]
[PlyCount "90"]
[EventDate "2020.06.22"]
[EventType "team-k.o. (rapid)"]
[EventCountry "GER"]
[SourceTitle "EXT 2021"]
[Source "ChessBase"]
[SourceDate "2020.10.23"]
[SourceVersion "1"]
[SourceVersionDate "2020.10.23"]
[SourceQuality "1"]
[WhiteTeam "Eichstetten"]
[BlackTeam "Hollage Rochade"]
[WhiteTeamCountry "GER"]
[BlackTeamCountry "GER"]

1. e4 c5 2. Nf3 Nc6 3. d4 cxd4 4. c3 dxc3 5. Nxc3 e6 6. Bc4 a6 7. 0-0 Be7 8. Qe2 d6 9. Rd1 Qc7 10. Bf4 b5 11. Bb3 b4 12. Na4 e5 13. Bg3 Nf6 14. a3 bxa3 15. bxa3 0-0 16. Ba2 Bg4 17. Qe3 Rab8 18. Rac1 Qd8 19. Rxc6 Qa5 20. Nb6 Bxf3 21. gxf3 Rb7 22. Nc8 Bd8 23. Nxd6 Bb6 24. Qb3 Bxf2+ 25. Kxf2 Rxb3 26. Bxb3 Qxa3 27. Bxf7+ Rxf7 28. Nxf7 Kxf7 29. Rd7+ Nxd7 30. Rc7 Qb2+ 31. Kf1 Qb5+ 32. Kg2 Ke6 33. f4 Qe2+ 34. Kh3 Qxe4 35. fxe5 Qf5+ 36. Kh4 g5+ 37. Kh5 Qg6+ 38. Kg4 h5+ 39. Kh3 Qf5+ 40. Kg2 Nxe5 41. Rc8 Qf3+ 42. Kh3 g4+ 43. Kh4 Qf6+ 44. Kxh5 Qg6+ 45. Kh4 Qh6# 0-1

[Event "DSOL 08 Liga Gr-B 1st"]
[Site "Playchess.com INT"]
[Date "2020.08.07"]
[Round "7.4"]
[White "Masurek, David"]
[Black "Moubid, Mohamad"]
[Result "1-0"]
[WhiteElo "1035"]
[BlackElo "1000"]
[PlyCount "49"]
[EventDate "2020.06.22"]
[EventType "team-tourn (rapid)"]
[EventCountry "GER"]
[SourceTitle "EXT 2021"]
[Source "ChessBase"]
[SourceDate "2020.10.23"]
[SourceVersion "1"]
[SourceVersionDate "2020.10.23"]
[SourceQuality "1"]
[WhiteTeam "Hollage Rochade"]
[BlackTeam "Niederkassel III"]
[WhiteTeamCountry "GER"]
[BlackTeamCountry "GER"]

1. e4 e5 2. Nf3 Nf6 3. Nxe5 d6 4. Nf3 Be6 5. Nc3 c6 6. d3 d5 7. e5 Ng4 8. d4 Be7 9. h3 Nh6 10. Bxh6 gxh6 11. Qd2 Rg8 12. Qxh6 f6 13. 0-0-0 c5 14. exf6 Bxf6 15. Re1 Qe7 16. Bb5+ Bd7 17. Bxd7+ Kxd7 18. Rxe7+ Bxe7 19. Re1 Nc6 20. Nxd5 Rae8 21. Ne5+ Nxe5 22. Rxe5 Kd8 23. Nxe7 Rxe7 24. Qd6+ Ke8 25. Qxe7# 1-0

[Event "DSOL 08 Liga Gr-B 1st"]
[Site "Playchess.com INT"]
[Date "2020.07.28"]
[Round "6.4"]
[White "Mees, Andreas"]
[Black "Masurek, David"]
[Result "0-1"]
[WhiteElo "1330"]
[BlackElo "1035"]
[PlyCount "100"]
[EventDate "2020.06.22"]
[EventType "team-tourn (rapid)"]
[EventCountry "GER"]
[SourceTitle "EXT 2021"]
[Source "ChessBase"]
[SourceDate "2020.10.23"]
[SourceVersion "1"]
[SourceVersionDate "2020.10.23"]
[SourceQuality "1"]
[WhiteTeam "Gross Gerau II"]
[BlackTeam "Hollage Rochade"]
[WhiteTeamCountry "GER"]
[BlackTeamCountry "GER"]

1. e4 c5 2. Nf3 Nc6 3. Bc4 e6 4. d4 cxd4 5. Nxd4 Nf6 6. Nc3 d5 7. exd5 exd5 8. Bb3 Be7 9. 0-0 0-0 10. Nf3 Be6 11. Bf4 Bd6 12. Bg5 Be7 13. Re1 h6 14. Bh4 a6 15. Qd2 d4 16. Bxe6 dxc3 17. Bxf7+ Rxf7 18. Qxc3 Bb4 19. Qb3 Bxe1 20. Rxe1 g5 21. Bg3 Qd7 22. Ne5 Nxe5 23. Bxe5 Re8 24. Kf1 Ng4 25. Bg3 Rxe1+ 26. Kxe1 Kg7 27. Qc3+ Kg6 28. Kf1 Qd1+ 29. Qe1 Qxe1+ 30. Kxe1 h5 31. h4 gxh4 32. Bxh4 Ne5 33. Ke2 Nc4 34. b3 Na3 35. c4 b5 36. Kd3 Rd7+ 37. Kc3 bxc4 38. bxc4 Rc7 39. Kd3 Nxc4 40. Bg3 Rc8 41. Ke4 Kg5 42. f4+ Kf6 43. Bh4+ Kf7 44. f5 Nd6+ 45. Kf4 Rc5 46. f6 Ne8 47. Bf2 Rc2 48. Bh4 Nxf6 49. Bxf6 Kxf6 50. g3 Rxa2 0-1

[Event "DSOL 08 Liga Gr-B 1st"]
[Site "Playchess.com INT"]
[Date "2020.07.24"]
[Round "5.4"]
[White "Masurek, David"]
[Black "Herde, Martin"]
[Result "1-0"]
[WhiteElo "1035"]
[BlackElo "1139"]
[PlyCount "49"]
[EventDate "2020.06.22"]
[EventType "team-tourn (rapid)"]
[EventCountry "GER"]
[SourceTitle "EXT 2021"]
[Source "ChessBase"]
[SourceDate "2020.10.23"]
[SourceVersion "1"]
[SourceVersionDate "2020.10.23"]
[SourceQuality "1"]
[WhiteTeam "Hollage Rochade"]
[BlackTeam "Ketsch III"]
[WhiteTeamCountry "GER"]
[BlackTeamCountry "GER"]

1. e4 e5 2. Nf3 Nf6 3. Nxe5 d6 4. Nf3 Nxe4 5. d4 d5 6. Bd3 Be7 7. 0-0 0-0 8. h3 Nc6 9. c4 Be6 10. cxd5 Bxd5 11. Nc3 Nxc3 12. bxc3 Re8 13. Be3 Bd6 14. Nd2 Qf6 15. c4 Be6 16. Ne4 Qd8 17. d5 Bxd5 18. cxd5 Ne7 19. Bg5 Kh8 20. Nxd6 Qxd6 21. Qh5 g6 22. Qf3 Qxd5 23. Qf6+ Kg8 24. Bh6 Nf5 25. Bxf5 1-0

[Event "DSOL 08 Liga Gr-B 1st"]
[Site "Playchess.com INT"]
[Date "2020.07.14"]
[Round "4.4"]
[White "Poetschlag, Aike"]
[Black "Masurek, David"]
[Result "0-1"]
[WhiteElo "963"]
[BlackElo "1035"]
[PlyCount "122"]
[EventDate "2020.06.22"]
[EventType "team-tourn (rapid)"]
[EventCountry "GER"]
[SourceTitle "EXT 2021"]
[Source "ChessBase"]
[SourceDate "2020.10.23"]
[SourceVersion "1"]
[SourceVersionDate "2020.10.23"]
[SourceQuality "1"]
[WhiteTeam "Greiz"]
[BlackTeam "Hollage Rochade"]
[WhiteTeamCountry "GER"]
[BlackTeamCountry "GER"]

1. d4 Nf6 2. Nf3 d5 3. e3 Bf5 4. Bd3 Bg6 5. Nc3 e6 6. b3 Bb4 7. Bd2 Bxd3 8. cxd3 0-0 9. 0-0 Nbd7 10. Ne2 Bd6 11. Ng3 e5 12. e4 exd4 13. Nxd4 Bxg3 14. fxg3 dxe4 15. dxe4 Nxe4 16. Rf4 Ndf6 17. Be3 Nc3 18. Qe1 Nfd5 19. Rf3 Re8 20. Nf5 f6 21. Qd2 Ne4 22. Qd4 Nxe3 23. Qxd8 Raxd8 24. Rxe3 Ng5 25. Rae1 Rxe3 26. Rxe3 g6 27. Nh6+ Kg7 28. Ng4 Nf7 29. Re7 Rc8 30. Ne3 Kf8 31. Re6 f5 32. Nd5 Ng5 33. Re7 c6 34. Rc7 Rxc7 35. Nxc7 Ke7 36. Kf2 Kd7 37. h4 Ne4+ 38. Kf3 Kxc7 39. g4 Nc3 40. a4 b5 41. a5 Kd6 42. Ke3 fxg4 43. Kd4 Ne2+ 44. Ke3 Nc1 45. Kf4 Nxb3 46. Kg5 c5 47. Kh6 c4 48. Kxh7 c3 49. Kxg6 c2 50. h5 c1Q 51. h6 Qc2+ 52. Kg7 Qc3+ 53. Kg6 Qd3+ 54. Kg7 Qd4+ 55. Kg6 Qe4+ 56. Kg7 Qe7+ 57. Kg6 Qf8 58. h7 Qh8 59. g3 Nxa5 60. Kh6 b4 61. Kg6 b3 0-1

[Event "DSOL 08 Liga Gr-B 1st"]
[Site "Playchess.com INT"]
[Date "2020.06.23"]
[Round "1.4"]
[White "Wewer, Konstantin"]
[Black "Masurek, David"]
[Result "0-1"]
[WhiteElo "1000"]
[BlackElo "1035"]
[PlyCount "62"]
[EventDate "2020.06.22"]
[EventType "team-tourn (rapid)"]
[EventCountry "GER"]
[SourceTitle "EXT 2021"]
[Source "ChessBase"]
[SourceDate "2020.10.23"]
[SourceVersion "1"]
[SourceVersionDate "2020.10.23"]
[SourceQuality "1"]
[WhiteTeam "Paderborn Blauer Springer VI"]
[BlackTeam "Hollage Rochade"]
[WhiteTeamCountry "GER"]
[BlackTeamCountry "GER"]

1. Nc3 d5 2. Nf3 Nc6 3. d3 h6 4. e4 d4 5. Nb5 a6 6. Na3 e5 7. c3 Bxa3 8. bxa3 Bg4 9. Be2 Nf6 10. Qb3 Be6 11. Qxb7 Bd7 12. Qb3 0-0 13. a4 Be6 14. c4 Nd7 15. Ba3 Rb8 16. Qd1 Nb4 17. Rb1 a5 18. Qd2 c5 19. g3 Nb6 20. Nxe5 Qd6 21. Ng4 Nxa4 22. Bd1 Nc3 23. Rb3 h5 24. Qg5 Bxg4 25. Bxg4 hxg4 26. Qh5 Qg6 27. Qh4 Nxd3+ 28. Kd2 Rxb3 29. axb3 Qxe4 30. Qe7 Qxe7 31. Kxd3 Qe2# 0-1